Super Mario Odyssey - Cap Kingdom Moons on a Map - Statistics

General Stats
  • This quiz has been taken 667 times
  • The average score is 8 of 26
Answers on the Map
Answers color-coded by a green-red scale on the quiz's map according to % correct below.
 
Answer Stats
Answer % Correct
Good Evening, Captain Toad!
50%
Frog-Jumping Above the Fog
40%
Shopping in Bonneton
39%
Danger Sign
38%
Peach in the Cap Kingdom
38%
Spin the Hat, Get a Prize
37%
Fly to the Edge of the Fog
36%
Cap Kingdom Timer Challenge 1
35%
Caught Hopping Near the Ship!
35%
Frog-Jumping from the Top Deck
34%
Bonneter Blockade
33%
Under the Big One's Brim
31%
Cap Kingdom Regular Cup | Master Cup
30%
Bird Travelling in the Fog
29%
Next to Glasses Bridge
27%
Found with Cap Kingdom Art
24%
Hidden in a Sunken Hat
24%
Skimming the Poison Tide | Slipping Through the Poison Tide
23%
Taking Notes: In the Fog
23%
Cap Kingdom Timer Challenge 2
21%
Push-Block Peril | Hidden Among the Push-Blocks
21%
Roll On and On | Precision Rolling
21%
The Forgotten Treasure
21%
Taxi Flying Through Bonneton
19%
Searching the Frog Pond | Secrets of the Frog Pond
17%
Fog-Shrouded Platform
15%
No matching quizzes found
Score Distribution
Percent of People with Each Score
Percentile by Number Answered
Your Score History
You have not taken this quiz